Odložená daň při vkladu podniku

Problematika vzniku a zaúčtovania prechodných rozdielov v súvislosti s vlastníckymi transakciami a predovšetkým vkladom podniku. Stručná charakteristika právnych úprav podnikových kombinácií vo všeobecnosti. Porovnanie legislatívnej úpravy v Českej republike s nadnárodnými štandardmi IFRS. Goodwill...

Descrizione completa

Salvato in:
Dettagli Bibliografici
Autore principale: Filinger, Marek
Altri autori: Žárová, Marcela
Natura: Capitolo di libro
Lingua:ceco
Soggetti:
Tags: Aggiungi Tag
Nessun Tag, puoi essere il primo ad aggiungerne!!

MARC

LEADER 00000naa$a2200000$$$4500
001 0025608
005 20231114081648.2
041 0 |a cze 
044 |a CZ 
245 1 0 |a Odložená daň při vkladu podniku  |c Marek Filinger, Marcela Žárová 
520 |a Problematika vzniku a zaúčtovania prechodných rozdielov v súvislosti s vlastníckymi transakciami a predovšetkým vkladom podniku. Stručná charakteristika právnych úprav podnikových kombinácií vo všeobecnosti. Porovnanie legislatívnej úpravy v Českej republike s nadnárodnými štandardmi IFRS. Goodwill. 
610 2 0 |a dane odložené 
610 2 0 |a podnik 
610 2 0 |a kombinácie podnikové 
610 2 0 |a účtovníctvo 
610 2 0 |a goodwill 
610 2 0 |a výkazy účtovné 
610 2 0 |a legislatíva 
610 2 0 |a Česko 
610 2 0 |a štandardy účtovné medzinárodné 
610 2 0 |a vlastníctvo 
610 2 0 |a reporting 
100 1 |a Filinger, Marek 
700 1 |a Žárová, Marcela